El trabajo social en diferentes campos de intervención profesional (Registro nro. 7771)

Detalles MARC
000 -LEADER
fixed length control field 02747nam a2200313Ia 4500
003 - CONTROL NUMBER IDENTIFIER
control field CO-CtgCURN
005 - DATE AND TIME OF LATEST TRANSACTION
control field 20250329173537.0
008 - FIXED-LENGTH DATA ELEMENTS--GENERAL INFORMATION
fixed length control field 200724s2015 xx f 000 0 spa d
040 ## - CATALOGING SOURCE
Original cataloging agency CO-CtgCURN
Language of cataloging spa
Transcribing agency coctgcurn
082 ## - DEWEY DECIMAL CLASSIFICATION NUMBER
Classification number 361.3
Item number T758s
245 #0 - TITLE STATEMENT
Title El trabajo social en diferentes campos de intervención profesional
Medium [electronic resource] /
Statement of responsibility, etc. coord., Margarita Rozas Pagaza ; Mariana Gabrinetti
260 ## - PUBLICATION, DISTRIBUTION, ETC.
Place of publication, distribution, etc. Argentina :
Name of publisher, distributor, etc. Universidad Nacional de la Plata,
Date of publication, distribution, etc. 2015
300 ## - PHYSICAL DESCRIPTION
Extent recurso en línea (103 páginas) :
336 ## - CONTENT TYPE
Content type term texto
Content type code txt
337 ## - MEDIA TYPE
Media type term computador
Media type code c
338 ## - CARRIER TYPE
Carrier type term recurso en línea
Carrier type code cr
490 ## - SERIES STATEMENT
Series statement Libros de cátedra
504 ## - BIBLIOGRAPHY, ETC. NOTE
Bibliography, etc. note Incluye referencias bibliógraficas
505 ## - FORMATTED CONTENTS NOTE
Formatted contents note Perspectiva relacional, condiciones de trabajo y representaciones en el análisis de la intervención profesional en trabajo social -- La Intervención profesional y "lo comunitario" hoy -- La intervención profesional en el campo de la justicia penal juvenil -- Las disputas del campo de la discapacidad desde la intervención -- Aportes para pensar la intervención profesional de trabajadores/as sociales en el campo de la salud: entre transformaciones y condiciones laborales Estrategias de intervención profesional del trabajo social en el campo educativo --
520 ## - SUMMARY, ETC.
Summary, etc. El libro que presentamos se centra en el análisis de las actuales condiciones de intervención profesional en Trabajo Social en distintos campos: la comunidad, la salud, la discapacidad, la justicia y la educación en la ciudad de Buenos Aires, La Plata y Gran La Plata. El eje teórico en este libro es la intervención enriquecida desde la perspectiva teórica relacional, recuperando sobre todo, la categoría de "campo" de Bourdieu. La temática resulta fundamental en la formación de grado de los trabajadores sociales ya que la intervención profesional es la que vertebra el tronco de las asignaturas específicas en los cinco años de formación de grado. Por otro lado, la intervención/contexto están imbricados; la dinámica de esa relación, siempre conflictiva puede limitar y/o facilitar el desarrollo de la intervención profesional.
590 ## - LOCAL NOTE (RLIN)
Local note Programa de Trabajo Social_26
650 ## - SUBJECT ADDED ENTRY--TOPICAL TERM
Topical term or geographic name entry element Intervención social
9 (RLIN) 4419
650 ## - SUBJECT ADDED ENTRY--TOPICAL TERM
Topical term or geographic name entry element Trabajo social
9 (RLIN) 4420
700 ## - ADDED ENTRY--PERSONAL NAME
Personal name Gabrinetti, Mariana
Relator term coordinadora
9 (RLIN) 4421
700 ## - ADDED ENTRY--PERSONAL NAME
Personal name Rozas Pagaza, Margarita
Relator term coordinadora
9 (RLIN) 4422
856 ## - ELECTRONIC LOCATION AND ACCESS
Uniform Resource Identifier <a href="https://unicurn.sharepoint.com/:b:/s/biblioteca/EfLwSb03qT1Pss4ytxNKLC0BybJWbnChkYlZ41vCr0n0LQ?e=sxhofa">https://unicurn.sharepoint.com/:b:/s/biblioteca/EfLwSb03qT1Pss4ytxNKLC0BybJWbnChkYlZ41vCr0n0LQ?e=sxhofa</a>
Public note Vea este libro electrónico
942 ## - ADDED ENTRY ELEMENTS (KOHA)
Koha item type Libros electrónicos
Classification part 361.3
Item part T758s
Source of classification or shelving scheme Dewey Decimal Classification
Existencias
Withdrawn status Lost status Source of classification or shelving scheme Damaged status Not for loan Collection Home library Current library Shelving location Date acquired Total checkouts Full call number Date last seen Price effective from Koha item type
    Dewey Decimal Classification     Libros electrónicos Miguel Henríquez Castañeda Barranquilla Miguel Henríquez Castañeda Barranquilla   07/18/2020   361.3 T758s 07/24/2020 07/24/2020 Libros electrónicos